ბათუმის შოთა რუსთაველის სახელმწიფო უნივერსიტეტის ბიბლიოთეკა

ჩანაწერი Personal Name

ჩანაწერთა რაოდენობა, რომელიც გამოყენებულია: 1

001 - CONTROL NUMBER

  • control field: 13733

003 - CONTROL NUMBER IDENTIFIER

  • control field: GE_BSU

005 - DATE AND TIME OF LATEST TRANSACTION

  • control field: 20220516104217.0

008 - FIXED-LENGTH DATA ELEMENTS

  • fixed length control field: 220516|| aca||aabn | a|a d

040 ## - CATALOGING SOURCE

  • Original cataloging agency: GE_BSU
  • Transcribing agency: GE_BSU

100 ## - HEADING--PERSONAL NAME

  • Personal name: ხახუტაიშვილი, მერი

670 ## - SOURCE DATA FOUND

  • Source citation: Work cat.: (GE_BSU): ხახუტაიშვილი, მერი, ოჯ. Vacciniaceae-ს სახეობებისა და ინტროდუცირებული ჯიშების ბიოლოგიურად აქტიური ნაერთები :